000
00304nam a2200109Ia 4500
008
220204s9999 xx 000 0 und d
082
_a
631.96(595.01)
_b
AZI.3
100
_a
Aziz, Ungku
245
0
_a
Subdivision of estates in Malaya. 1951-60. V 3; V 1
260
_a
University of Malaya
_c
1962
942
_c
BK
999
_c
19984
_d
19984